MARC

LEADER 00000nam0a2200000 4500
001 153726
005 20231101221718.0
010 |a 5751103300 
020 |a RU  |b 91-22274 
035 |a (RuTPU)RU\TPU\book\166766 
090 |a 153726 
100 |a 20090216d1990 k y0rusy5003 ca 
101 0 |a rus 
102 |a RU 
105 |a a z 001zy 
200 1 |a Химические реакции полимеров пропилена и этилена  |f А. Г. Филимошкин, Н. И. Воронин 
210 |a Томск  |c Изд-во Том. ун-та  |d 1990 
215 |a 217 с.  |c граф.  |d 21 см 
320 |a Библиогр.: с. 202-214 (248 назв.) 
606 1 |a Полипропилен  |2 stltpush  |3 (RuTPU)RU\TPU\subj\70206  |9 84635 
606 1 |a Полиэтилен  |2 stltpush  |3 (RuTPU)RU\TPU\subj\75733  |9 87378 
610 1 |a хлорирование 
610 1 |a полимеры 
610 1 |a химические реакции 
610 1 |a пропилен 
610 1 |a этилен 
675 |a 678.742.2  |z rus 
675 |a 678.742.3  |z rus 
700 1 |a Филимошкин  |b А. Г.  |g Анатолий Георгиевич  |4 070 
701 1 |a Воронин  |b Н. И.  |g Николай Иванович  |4 070 
702 1 |a Сироткина  |b Е. Е.  |4 340 
712 0 2 |a Томский государственный университет (ТГУ)  |2 stltpush  |3 (RuTPU)RU\TPU\col\397 
801 0 |a RU  |b RuMRKP  |c 19950417  |g psbo 
801 1 |a RU  |b 63413507  |c 20090216  |g PSBO 
801 2 |a RU  |b 63413507  |c 20190430  |g PSBO 
942 |c BK